|
|
|
|
| LEADER |
00000nab a2200000 a 4500 |
| 001 |
vtls000728914 |
| 003 |
SK-MaSNL |
| 005 |
20260304110546.0 |
| 008 |
250429c2000 xo 0 slo |
| 015 |
|
|
|a SNBRB2000/09-22375
|
| 035 |
|
|
|a CLN000081060
|
| 035 |
|
|
|a urn:nbn:sk:snk-abk3c
|
| 035 |
|
|
|a (urnnbn)urn:nbn:sk:snk:ar-a03fhu
|
| 035 |
|
|
|a (uuid)4a9756a9-ef2c-4564-bc4d-9bf6f394fda6
|
| 040 |
|
|
|a SNKBUCL
|b slo
|c SNKBUCL
|e AACR2
|
| 041 |
0 |
|
|a slo
|
| 044 |
|
|
|a xo
|c SK
|
| 080 |
|
|
|a 617.735-08
|2 1997
|
| 100 |
1 |
|
|a Furdová, Alena,
|d 1963-
|4 aut
|9 209798
|
| 245 |
1 |
0 |
|a Brachytherapy of ARMD
|c A. Furdová, P. Strmeň
|
| 246 |
1 |
1 |
|a Brachyterapia v liečbe VPMD
|
| 300 |
|
|
|b Obr.
|
| 504 |
|
|
|a Res. angl., slov.
|
| 504 |
|
|
|a Bibliogr. odkazy
|
| 650 |
0 |
7 |
|a makula
|x degenerácia podmienená vekom
|x brachyterapia
|2 snkbucl
|9 1409140
|
| 650 |
0 |
7 |
|a brachyterapia
|2 snkbucl
|9 17778
|
| 655 |
|
7 |
|a články z novín a časopisov
|2 snkbucl
|9 267496
|
| 700 |
1 |
|
|a Strmeň, Peter,
|d 1942-2024
|4 aut
|9 248666
|
| 773 |
0 |
|
|t Bratislavské lekárske listy
|g Roč. 101, č. 4 (2000), s. 234-236
|x 0006-9248
|
| 850 |
|
|
|a Slovenská národná knižnica
|
| 852 |
|
|
|a Slovenská národná knižnica
|
| 954 |
|
|
|a odborná, vedecká literatúra pôvodná (slovenská)
|2 lita
|
| 958 |
|
|
|a article27
|
| 958 |
|
|
|a MI
|
| 958 |
|
|
|a NB
|
| 958 |
|
|
|a OND
|
| 958 |
|
|
|a EUIPO
|
| 992 |
|
|
|a RBX
|
| 999 |
|
|
|c 2860596
|d 2862526
|